000 00674cab a2200205 4500
001 ABS37017
008 090401t1986 xxu||||| |||| 00| 0 eng d
035 _a(Sirsi) u1581
041 _aeng
100 _aSyms, P.
245 _aEnterprise zones - 3: conclusions and mid-term assessment
260 _c1986
350 _a0
490 _aEstates Gazette
_v280 (6304) 4 October 1986, 56 (1)
520 _aThe third in a series of three articles assesses the impact of the enterprise zones so far and looks forward to what will happen when the experiment ends in 1991.
690 _aPROPERTY LAW AND PRACTICE
700 _aErikson, R.
942 _n0
948 _c04/03/1997
999 _c893
_d893